Drying of aromatic plant material for natural perfumes / (Record no. 44002)

MARC details
001 - CONTROL NUMBER
control field 23255553
003 - CONTROL NUMBER IDENTIFIER
control field 0000
005 - DATE AND TIME OF LATEST TRANSACTION
control field 20251119123802.0
008 - FIXED-LENGTH DATA ELEMENTS--GENERAL INFORMATION
fixed length control field 230801s2023 flu 000 0 eng
010 ## - LIBRARY OF CONGRESS CONTROL NUMBER
LC control number 2023943787
020 ## - INTERNATIONAL STANDARD BOOK NUMBER
International Standard Book Number 9781032325040
035 ## - SYSTEM CONTROL NUMBER
System control number 23255553
040 ## - CATALOGING SOURCE
Original cataloging agency DLC
Language of cataloging eng
Description conventions rda
Transcribing agency DLC
042 ## - AUTHENTICATION CODE
Authentication code pcc
050 ## - LIBRARY OF CONGRESS CALL NUMBER
Classification number TP 983 .P57
100 1# - MAIN ENTRY--PERSONAL NAME
Personal name Pise, Viplav Hari,
Relator term author.
245 10 - TITLE STATEMENT
Title Drying of aromatic plant material for natural perfumes /
Statement of responsibility, etc Viplav Hari Pise, Ramakant Harlalka, Bhaskar Narayan.
263 ## - PROJECTED PUBLICATION DATE
Projected publication date 2312
264 #1 - PUBLICATION, DISTRIBUTION, ETC. (IMPRINT)
Place of publication, distribution, etc Boca Raton :
Name of publisher, distributor, etc CRC Press,
Date of publication, distribution, etc 2024.
300 ## - PHYSICAL DESCRIPTION
Extent ix, 104p. ill.
336 ## - CONTENT TYPE
Content type term text
Content type code txt
Source rdacontent
337 ## - MEDIA TYPE
Media type term unmediated
Media type code n
Source rdamedia
338 ## - CARRIER TYPE
Carrier type term volume
Carrier type code nc
Source rdacarrier
490 0# - SERIES STATEMENT
Series statement Advances in Drying Science & Technology
504 ## - BIBLIOGRAPHY, ETC. NOTE
Bibliography, etc Includes Bibliographical References and Index
520 ## - SUMMARY, ETC.
Summary, etc "Drying of Aromatic Biomass for Natural Perfumes provides readers with a deep understanding of the fascinating world of perfumery, from secretion of secondary metabolites in plant cells, to drying of the herbage, to extraction and applications. The book is organized into 4 sections: plant cell structures and role during dehydration, aromatic plants and their essential oil contents, composition and contribution towards perfumery, and dehydration and extraction technologies. This monograph serves as a handy tool for R&D, industrial, and academic researchers working in perfumery, fragrance, and food science, as well as chemical and agricultural engineering"--
Assigning source Provided by publisher.
650 ## - SUBJECT ADDED ENTRY--TOPICAL TERM
Source of heading or term
Form subdivision
General subdivision
700 1# - ADDED ENTRY--PERSONAL NAME
Personal name Harlalka, Ramakant,
Relator term author.
700 1# - ADDED ENTRY--PERSONAL NAME
Personal name Narayan, Bhaskar,
Relator term author.
906 ## - LOCAL DATA ELEMENT F, LDF (RLIN)
a 0
b ibc
c orignew
d 2
e epcn
f 20
g y-gencatlg
942 ## - ADDED ENTRY ELEMENTS (KOHA)
Source of classification or shelving scheme Library of Congress Classification
Koha item type Books
Holdings
Withdrawn status Lost status Source of classification or shelving scheme Damaged status Not for loan Permanent Location Current Location Date acquired Total Checkouts Full call number Barcode Date last seen Price effective from Koha item type
    Library of Congress Classification     NILE UNIVERSITY OF NIGERIA - MAIN LIBRARY NILE UNIVERSITY OF NIGERIA - MAIN LIBRARY 11/19/2025   TP 983 .P57 2024 0199420 11/19/2025 11/19/2025 Books